000 00445cam a2200181ua 4500
001 3485
008 111222n ii |||gr||||Z||||||asm
040 _cMAIN
082 _a780
100 _aGoswami, Mayashhree,
245 1 1 _aCaryagitikosa
_cby Mayashhree Goswami
250 _a1st.
260 _aSibsagarh:
_bMayashhree goswami,995.
300 _a236p:
_c23cm.
653 _aAssamese devotional songs
653 _aCaryagitikosa
942 _cBK
999 _c3327
_d3327